UCM

Olhares sobre Guine e Cabo Verde (Record no. 39539)

MARC details
000 -LEADER
fixed length control field 00446nam a22001577a 4500
008 - FIXED-LENGTH DATA ELEMENTS--GENERAL INFORMATION
fixed length control field 170511b xxu||||| |||| 00| 0 eng d
020 ## - INTERNATIONAL STANDARD BOOK NUMBER
International Standard Book Number 9789898135933
080 ## - UNIVERSAL DECIMAL CLASSIFICATION NUMBER
Universal Decimal Classification number 94.03
100 ## - MAIN ENTRY--PERSONAL NAME
Personal name Da Cunha,Manuel Barao
245 ## - TITLE STATEMENT
Title Olhares sobre Guine e Cabo Verde
Statement of responsibility, etc Manuel Barao da Cunha, Jose Castanho Paes
250 ## - EDITION STATEMENT
Edition statement 1st ed.
260 ## - PUBLICATION, DISTRIBUTION, ETC. (IMPRINT)
Place of publication, distribution, etc Caminhos Romanos
Name of publisher, distributor, etc Brasil
Date of publication, distribution, etc 2012
300 ## - PHYSICAL DESCRIPTION
Extent 389
Other physical details
Dimensions
Accompanying material
Type of unit
Size of unit
650 ## - SUBJECT ADDED ENTRY--TOPICAL TERM
Topical term or geographic name as entry element Historia
942 ## - ADDED ENTRY ELEMENTS (KOHA)
Source of classification or shelving scheme Universal Decimal Classification
Item type Books
Holdings
Withdrawn status Lost status Source of classification or shelving scheme Damaged status Not for loan Collection code Home library Current library Shelving location Date acquired Total Checkouts Full call number Barcode Date last seen Copy number Price effective from Koha item type
    Universal Decimal Classification     Reference Cuamba - Agricultura Cuamba - Agricultura General Stacks 22/05/2017   94.03 220812245 22/05/2017 1 22/05/2017 Books

Universidade Católica de Moçambique - Rua Marquês de Soveral, 960, Palmeiras II, Beira, Moçambique

Tel (Central): (+258) 23 313 077 - Fax: (+258) 23 311 520 - Email: reitoria@ucm.ac.mz - Web: www.ucm.ac.mz